La Maison Stark ( Game Of Thrones ) - Statistiques

Statistiques générales
  • Ce quiz a été pris 480 fois
  • Le résultat moyen est 9 sur 11
Statistiques - réponses
Par images Réponse % Correct
Eddard / Ned
98%
Arya
97%
Jon
96%
Sansa
96%
Bran / Brandon
92%
Robb
92%
Catelyn
75%
Rickon
69%
Benjen
64%
Lyanna
59%
Rickard
19%
Aucun quiz correspondant
Distribution des résultats
% des personnes avec chaque résultat
Percentile par nombre de réponses
Votre historique - résultats
Vous n’avez pas pris ce quiz